| 000 | 00782cam a22002055a 4500 | ||
|---|---|---|---|
| 001 | L160162 | ||
| 008 | 180906s2018 xxk f 000 0 eng d | ||
| 035 | _a(Sirsi) u160162 | ||
| 041 | 0 | _aeng | |
| 110 | 2 |
_aNHS England _96211 |
|
| 245 | 0 | 0 |
_aHealthy new towns _h[electronic resource] |
| 520 | _aNHS England has desiginated 10 healthy new towns and is working with the developers to promote health and wellbeing and secure high quality health and care services for their communities. | ||
| 590 | _aKA | ||
| 650 | 2 | 4 | _aNEW TOWNS |
| 650 | 2 | 4 | _aWELL BEING |
| 651 | 4 | _aEngland | |
| 690 |
_aPlanning and development _96259 |
||
| 856 | 4 | 0 |
_uhttps://www.england.nhs.uk/ourwork/innovation/healthy-new-towns/ _zView the item free of charge from the www.www.england.nhs.uk |
| 942 | _n0 | ||
| 999 |
_c116250 _d116250 |
||